000 00684nam a22002177a 4500
999 _c9364
_d9364
001 9364
003 OSt
005 20180313113006.0
008 180313b1988 bg ||||| |||| 00| 0 ben d
035 _a(BD-JhCC)9364
040 _aBD-JhCC
_dBD-JhCC
041 _aben
082 _a928.9144
_bCHA 1988
100 _aচাকলাদার, শফি
245 _aজীবন সায়াহ্নের নজরুলকে যেমন দেখেছি /
_cশফি চাকলাদার
260 _aঢাকা:
_bইসলামিক ফাউন্ডেশন
_c1988.
300 _a100 p. :
_c22 cm.
650 _aBiography
942 _2ddc
_cBK